Sports Quiz

Random Sports or Food Quiz
Score 0/10 Timer 01:00
0 Plays Today
% Correct
Chips
84.2%
Chicken Wings
73.3%
Pizza
66%
Hot Dog
51.6%
Chili
24.9%
Steak
22.1%
Sandwich
15.4%
Ribs
14.7%
Guacamole
14.7%
Baked Beans
5.6%
Come Together.
Have Fun.
All Virtual.
We all need to come together. Play Sporcle's virtual live trivia to have fun, connect with people, and get your trivia on. Join a live hosted trivia game for your favorite pub trivia experience done virtually. If a virtual private party is more your thing, go here for details.

You're not logged in!

Compare scores with friends on all Sporcle quizzes.
OR
Log In

Sporcle TV

Today on Sporcle TV


Watch our educational content, quiz creation guides, and fun videos on Sporcle TV.

Show Comments

Extras

Created Mar 1, 2011ReportNominate
Tags:Food Quiz, Bowl, Super Bowl, Top 10

Top Quizzes Today


Score Distribution

Paid Content

Your Account Isn't Verified!

In order to create a playlist on Sporcle, you need to verify the email address you used during registration. Go to your Sporcle Settings to finish the process.

Report this User

Report this user for behavior that violates our Community Guidelines.

Details: